| 000 | 00501nam a2200205Ia 4500 | ||
|---|---|---|---|
| 003 | STCL | ||
| 008 | 230729s9999 xx 000 0 und d | ||
| 020 | _a9788182657885 | ||
| 040 |
_aSTCL _cSTCL _bEN |
||
| 082 | _222 | ||
| 100 | _aBalakrishnan, C V | ||
| 245 | 0 | _aസിനിമയുടെ ഇടങ്ങൾ | |
| 246 | _aCinemayude idangal | ||
| 250 | _a2 | ||
| 260 |
_bMathrubhumi Books _aKozhikode _c2013 |
||
| 300 | _a112 p | ||
| 365 | _b85 | ||
| 546 | _aMalayalam | ||
| 942 |
_2DDC _e22 _cBK |
||
| 999 |
_c90746 _d90746 |
||